Sandık gözlemcisinin uzun günü/ (Record no. 13551)

MARC details
000 -BAŞLIK
Sabit Uzunlukta Kontrol Alanı 00694nam a2200217 4500
999 ## - SİSTEM KONTROL NUMARALARI (KOHA)
Koha Biblionumber 13551
Koha Biblioitemnumber 13551
003 - KONTROL NUMARASI IDENTIFIER
Denetim Alanı MIRAKIL
005 - SON İŞLEM TARİHİ VE ZAMANI
Denetim Alanı 20191021173054.0
008 - SABİT-BOY VERİ ELEMANLARI - GENEL BİLGİLER
Sabit Uzunlukta Kontrol Alanı 191021b tu ||||| |||| 00| 0 tur d
020 ## - ULUSLARARASI STANDART KİTAP NUMARASI
Uluslararası Standart Kitap Numarası 9750810341
040 ## - KATALOGLAMA KAYNAK
Orijinal Kataloglama Ajansı TR-AnCHP
Metne Dönüştürmek Ajansı TR-AnCHP
041 ## - DİL KODU
Metin / Ses Parça Veya Ayrı Başlığın Dil Kodu tur
082 ## - DEWEY ONLU SINIFLANDIRMA NUMARASI
Sınıflandırma Numarası 853.914
Ürün Numarası C24s 2005
100 ## - ANA GİRİŞ - KİŞİSEL İSİM
Kişisel Ad Calvino, İtalo
245 10 - BAŞLIK TABLOSU
Başlık Sandık gözlemcisinin uzun günü/
Sorumluluk Tablosu, Vb İtalo Calvino ; çeviren: Semin Sayıt
260 ## - YAYIN, DAĞITIM, VB
Yayın, Dağıtım, Vb Yeri İstanbul:
Yayıncı, Dağıtıcı, Vs Adı Yapı Kredi Kültür Sanat Yayıncılık,
Yayın, Dağıtım, Vb Tarihi 2005.
300 ## - FİZİKSEL TANIM
Kapsam 75 s. ;
Boyutlar 21sm
490 0# - SERİSİ TABLOSU
Seri Beyanı Yapı Kredi yayınları ;
-- Edebiyat ;
Hacim / Ardışık Tanımı 2280.
-- 694.
650 #0 - KONU KATMA GİRİŞ - TOPİKAL DÖNEM
9 (RLIN) 6031
Topikal Süreli Veya Coğrafi Ad Giriş Elemanı İtalyan Edebiyatı
Genel Alt Bölümü Roman
700 ## - KATMA GİRİŞ - KİŞİSEL İSİM
9 (RLIN) 6032
Kişisel Ad Sayıt, Semin
Relator Terim çev.
942 ## - EKLENDİ GİRİŞ ELEMANLARI (KOHA)
Sınıflandırma Veya Raf Düzeni Kaynak Dewey Decimal Classification
Koha Öğesi Türü Books
Holdings
Kalıcı Konum Mevcut Konum Edinme Tarihi Toplam Check-Out'Lar Tam Çağrı Numarası Barkod Tarih Son Görülme İtibaren Geçerli Fiyatlar Sigara Kamu Notu Koha Öğesi Türü
CHP Kütüphanesi CHP Kütüphanesi 10/21/2019   853.914 C24s 2005 011818 10/21/2019 10/21/2019 Ertuğrul Çepni bağışıdır. Books